000 00436 a2200217 4500
245 _aSémiologie médicale
100 _aMathé, G.
700 _aRichet, G.
700 _aBenhamou, J-P.
260 _c1977
300 _a1050 p.
035 _a0054
035 _a0055
035 _a3338
035 _a4138
035 _a3339
035 _a3340
999 _c17592
_d17592